[Event "Madrid-ch Seniors 50"]
[Site "Madrid"]
[Date "2018.01.11"]
[Round "4"]
[White "Quintero Torres, Pedro"]
[Black "Hernandez Gutierrez, Jose"]
[Result "0-1"]
[WhiteElo "1966"]
[BlackElo "1803"]
[PlyCount "48"]
[EventDate "2018.01.08"]
[EventType "swiss"]
[EventRounds "9"]
[EventCountry "ESP"]
[SourceTitle "CBM 182 Extra"]
[Source "ChessBase"]
[SourceDate "2018.02.23"]
[SourceVersion "1"]
[SourceVersionDate "2018.02.23"]
[SourceQuality "1"]

1. e4 c5 2. Nc3 Nc6 3. Nge2 d6 4. g3 g6 5. Bg2 Bg7 6. 0-0 e5 7. Nd5 Nge7 8. Nec3 0-0 9. d3 Be6 10. f4 f5 11. Be3 Nd4 12. fxe5 dxe5 13. Bg5 Ndc6 14. Qd2 Qd7 15. Rae1 Rf7 16. Bh6 Raf8 17. Bxg7 Kxg7 18. Nxe7 Rxe7 19. Rf2 Ref7 20. Ref1 Qd4 21. Kh1 c4 22. exf5 Rxf5 23. Rxf5 Bxf5 24. Qg5 Nb4 0-1

[Event "Madrid-ch Seniors 50"]
[Site "Madrid"]
[Date "2017.01.19"]
[Round "9"]
[White "Serrano Garcia, Vicente"]
[Black "Quintero Torres, Pedro"]
[Result "0-1"]
[WhiteElo "1807"]
[BlackElo "1942"]
[PlyCount "94"]
[EventDate "2017.01.09"]
[EventType "swiss"]
[EventRounds "9"]
[EventCountry "ESP"]
[SourceTitle "EXT 2018"]
[Source "ChessBase"]
[SourceDate "2017.10.13"]
[SourceVersion "1"]
[SourceVersionDate "2017.10.13"]
[SourceQuality "1"]

1. d4 c6 2. Nf3 d5 3. Bf4 Nf6 4. Nbd2 Bf5 5. e3 e6 6. h3 Bd6 7. Ne5 Ne4 8. Nxe4 Bxe4 9. f3 Bf5 10. h4 f6 11. Nd3 Bxf4 12. Nxf4 e5 13. dxe5 fxe5 14. Nh5 0-0 15. g4 Bg6 16. Ng3 Qb6 17. Nf5 Bxf5 18. gxf5 Qxe3+ 19. Be2 Nd7 20. Kf1 Rxf5 21. Rg1 Raf8 22. Rg3 e4 23. Kg2 Ne5 24. fxe4 Rf2+ 25. Kh3 Qxe2 26. Qg1 R8f3 27. Re1 Rxg3+ 28. Qxg3 Qf3 29. exd5 Qxg3+ 30. Kxg3 Rf5 31. d6 Kf7 32. c4 b6 33. b4 c5 34. Rd1 Ke8 35. bxc5 bxc5 36. Rd5 Kd7 37. Rxc5 Kxd6 38. Rd5+ Ke6 39. Ra5 Nc6 40. Ra6 Kd6 41. Kg4 Ra5 42. Rxa5 Nxa5 43. Kf5 Nxc4 44. h5 Ke7 45. Kg5 Ke6 46. Kf4 Nd6 47. Kg5 Ke5 0-1

[Event "Madrid-ch Seniors 50"]
[Site "Madrid"]
[Date "2017.01.17"]
[Round "7"]
[White "Paarup, Torsten"]
[Black "Quintero Torres, Pedro"]
[Result "1/2-1/2"]
[WhiteElo "1979"]
[BlackElo "1942"]
[PlyCount "133"]
[EventDate "2017.01.09"]
[EventType "swiss"]
[EventRounds "9"]
[EventCountry "ESP"]
[SourceTitle "CBM 176 Extra"]
[Source "ChessBase"]
[SourceDate "2017.03.02"]
[SourceVersion "1"]
[SourceVersionDate "2017.03.02"]
[SourceQuality "1"]

1. e4 c6 2. Nc3 d5 3. Nf3 dxe4 4. Nxe4 Nf6 5. Qe2 Bg4 6. Nxf6+ gxf6 7. g3 Nd7 8. d4 Qa5+ 9. c3 0-0-0 10. Bg2 Qf5 11. h3 Bxf3 12. Qxf3 Qxf3 13. Bxf3 e5 14. Be3 h5 15. h4 exd4 16. Bxd4 Ne5 17. Be2 c5 18. Be3 Nd3+ 19. Bxd3 Rxd3 20. Ke2 Rd5 21. Rhd1 Re5 22. Kd3 Bh6 23. Bxh6 Rxh6 24. Re1 Kd7 25. Re3 Rh8 26. Rae1 Kd6 27. R1e2 Rg8 28. Rf3 Ke6 29. Rfe3 Kd6 30. Kc2 b6 31. Rd2+ Ke6 32. Red3 Re8 33. Rd7 Re7 34. Rxe7+ Kxe7 35. Kd3 f5 36. Re2 c4+ 37. Kd2 f6 38. Re3 Kd6 39. Rf3 Rd5+ 40. Ke2 Rb5 41. b4 cxb3 42. axb3 Rxb3 43. Rxf5 Ke6 44. Rf3 a5 45. Kd2 Rb2+ 46. Kd3 a4 47. Rf4 b5 48. Re4+ Kf5 49. f3 a3 50. g4+ Kg6 51. Re6 a2 52. Ra6 hxg4 53. fxg4 Kf7 54. Ke4 Rh2 55. Kf5 Rf2+ 56. Ke4 Rc2 57. Kf5 Rxc3 58. Ra7+ Kg8 59. Rxa2 Rc4 60. g5 fxg5 61. hxg5 Rc7 62. Ra8+ Kg7 63. Rb8 Rc5+ 64. Kg4 Rc1 65. Rxb5 Rg1+ 66. Kf5 Rf1+ 67. Kg4 1/2-1/2

[Event "Madrid-ch Seniors 50"]
[Site "Madrid"]
[Date "2017.01.12"]
[Round "4"]
[White "Esteban Amo, Jose M"]
[Black "Quintero Torres, Pedro"]
[Result "0-1"]
[WhiteElo "1850"]
[BlackElo "1942"]
[PlyCount "58"]
[EventDate "2017.01.09"]
[EventType "swiss"]
[EventRounds "9"]
[EventCountry "ESP"]
[SourceTitle "CBM 176 Extra"]
[Source "ChessBase"]
[SourceDate "2017.03.02"]
[SourceVersion "1"]
[SourceVersionDate "2017.03.02"]
[SourceQuality "1"]

1. e4 c5 2. Nc3 Nc6 3. f4 e6 4. Nf3 d5 5. Bb5 Nge7 6. exd5 Nxd5 7. Ne5 Bd7 8. Bxc6 Bxc6 9. Nxc6 bxc6 10. Qf3 Be7 11. 0-0 0-0 12. Nxd5 cxd5 13. d3 Bf6 14. c3 Rb8 15. Rf2 Qa5 16. Rd2 Qa4 17. Qe2 Rfe8 18. a3 e5 19. Qf2 e4 20. dxe4 Qxe4 21. Kf1 Bh4 22. Re2 Bxf2 23. Rxe4 Rxe4 24. Kxf2 Rbe8 25. b4 Re2+ 26. Kf3 Rc2 27. bxc5 Rxc3+ 28. Kg4 Re1 29. Rb1 h5+ 0-1

[Event "Madrid-ch Seniors 50"]
[Site "Madrid"]
[Date "2017.01.10"]
[Round "2"]
[White "Salgado Duarte, Pablo"]
[Black "Quintero Torres, Pedro"]
[Result "1/2-1/2"]
[WhiteElo "1574"]
[BlackElo "1942"]
[PlyCount "166"]
[EventDate "2017.01.09"]
[EventType "swiss"]
[EventRounds "9"]
[EventCountry "ESP"]
[SourceTitle "CBM 176 Extra"]
[Source "ChessBase"]
[SourceDate "2017.03.02"]
[SourceVersion "1"]
[SourceVersionDate "2017.03.02"]
[SourceQuality "1"]

1. d4 Nf6 2. c4 e6 3. Nc3 Bb4 4. Bd2 c5 5. e3 d5 6. Nf3 Nc6 7. dxc5 Bxc5 8. cxd5 exd5 9. Be2 0-0 10. 0-0 Bg4 11. Re1 Ne4 12. a3 Be7 13. h3 Bh5 14. Qc2 Bg6 15. Bd3 Rc8 16. Red1 Bf6 17. Be1 Nxc3 18. Bxc3 Bxc3 19. Bxg6 hxg6 20. bxc3 Qa5 21. Qb3 Rfd8 22. Qxb7 Rc7 23. Qb3 Qc5 24. Rac1 Rcd7 25. Nd4 Ne5 26. Qb4 Qc7 27. Ne2 Nc4 28. Rb1 a5 29. Qb3 Qc5 30. Ra1 Rd6 31. a4 Nxe3 32. fxe3 Qxe3+ 33. Kh1 Qxe2 34. Re1 Qh5 35. Qb5 d4 36. Re5 Qh4 37. cxd4 Qxd4 38. Rae1 Qb4 39. Qxa5 Qxa5 40. Rxa5 Rd2 41. Rae5 R8d4 42. a5 Ra2 43. Re8+ Kh7 44. Ra8 Rdd2 45. Rg1 f5 46. a6 f4 47. Rf8 Rxa6 48. Rxf4 Raa2 49. Rh4+ Kg8 50. Rg4 Ra6 51. Rc4 Rf2 52. Rc8+ Kh7 53. Rc4 g5 54. Rg4 Kh6 55. Rc1 Rf4 56. Rg3 Rg6 57. Rc8 g4 58. h4 Rgf6 59. Rc5 g6 60. Rg5 Rf1+ 61. Kh2 R6f4 62. R5xg4 Rxg4 63. Rxg4 Kh5 64. Ra4 Rb1 65. Kh3 Rh1+ 66. Kg3 Rb1 67. Ra5+ Kh6 68. Kh3 Rh1+ 69. Kg4 Rb1 70. g3 Rb4+ 71. Kh3 Rb3 72. Ra8 Rc3 73. Rh8+ Kg7 74. Rd8 Kh6 75. Rd5 Ra3 76. Rd4 Kh5 77. Rg4 Ra1 78. Rg5+ Kh6 79. Rc5 Ra3 80. Rc4 Rb3 81. Kg4 Rb1 82. Rc8 Rb4+ 83. Kh3 Rb3 1/2-1/2

[Event "San Sebastian de los Reyes op 18th"]
[Site "San Sebastian"]
[Date "2016.12.09"]
[Round "7"]
[White "Quintero Torres, Pedro"]
[Black "Perez Cameselle, Francisco Jose"]
[Result "1-0"]
[WhiteElo "1932"]
[BlackElo "1754"]
[PlyCount "115"]
[EventDate "2016.12.03"]
[EventType "swiss"]
[EventRounds "9"]
[EventCountry "ESP"]
[SourceTitle "CBM 176 Extra"]
[Source "ChessBase"]
[SourceDate "2017.03.02"]
[SourceVersion "1"]
[SourceVersionDate "2017.03.02"]
[SourceQuality "1"]

1. e4 c5 2. Nf3 Nc6 3. Bb5 a6 4. Bxc6 dxc6 5. h3 Nf6 6. d3 g6 7. 0-0 Bg7 8. Nc3 0-0 9. Be3 Qa5 10. Nd2 Be6 11. Nb3 Bxb3 12. axb3 Qd8 13. Bxc5 Nd7 14. Be3 e6 15. Qd2 Qe7 16. Bh6 Bxh6 17. Qxh6 f5 18. exf5 exf5 19. Rfe1 Qd6 20. Re2 Rae8 21. Rae1 Rxe2 22. Rxe2 Nf6 23. Qh4 Re8 24. Rxe8+ Nxe8 25. Qc4+ Kg7 26. Ne2 Qe5 27. Qc3 Qxc3 28. bxc3 Nf6 29. Kf1 Nd5 30. Ke1 a5 31. Kd2 Kf6 32. c4 Nc7 33. Ke3 g5 34. g3 Ne6 35. d4 Nc7 36. f4 g4 37. hxg4 fxg4 38. Nc3 h5 39. Ke4 Ne8 40. c5 Ng7 41. d5 Nf5 42. Ne2 cxd5+ 43. Kxd5 Nxg3 44. Nxg3 h4 45. Ne4+ Ke7 46. Nd6 Kf6 47. Ke4 h3 48. Nf5 h2 49. Ng3 Ke6 50. f5+ Kd7 51. Kf4 Kc6 52. f6 Kd7 53. Kxg4 Ke6 54. Kg5 Kf7 55. Kf5 Kf8 56. Ke6 Ke8 57. Nh1 Kf8 58. f7 1-0

[Event "Madrid San Viator op-A 27th"]
[Site "Madrid"]
[Date "2016.10.02"]
[Round "2"]
[White "Zhou, Lulu"]
[Black "Quintero Torres, Pedro"]
[Result "0-1"]
[WhiteElo "1746"]
[BlackElo "1958"]
[PlyCount "186"]
[EventDate "2016.09.25"]
[EventType "swiss"]
[EventRounds "9"]
[EventCountry "ESP"]
[SourceTitle "EXT 2017"]
[Source "ChessBase"]
[SourceDate "2016.10.25"]
[SourceVersion "1"]
[SourceVersionDate "2016.10.25"]
[SourceQuality "1"]

1. e4 c5 2. Nf3 e6 3. d4 cxd4 4. Nxd4 a6 5. Nc3 Nc6 6. a3 Nf6 7. Be2 d5 8. exd5 exd5 9. 0-0 Be7 10. Bf3 0-0 11. Re1 Bd6 12. Bg5 h6 13. Be3 Ne5 14. Bf4 Nxf3+ 15. Qxf3 Bxf4 16. Qxf4 Qb6 17. Na4 Qa5 18. Nc3 Bd7 19. Nf5 Bxf5 20. Qxf5 Qb6 21. b4 Qc6 22. Ne2 Rfe8 23. Qd3 Qe6 24. Qd2 Ne4 25. Qd3 Qf6 26. f3 Ng5 27. Rad1 Rad8 28. Nd4 Ne6 29. Nxe6 fxe6 30. c4 d4 31. Qe4 Rd7 32. c5 g6 33. a4 Kf7 34. c6 bxc6 35. Qxc6 Red8 36. Rd3 Rd6 37. Qc4 g5 38. b5 axb5 39. axb5 Qf5 40. g4 Qd5 41. Qxd5 Rxd5 42. Rb1 Rb8 43. Kf2 Rb6 44. Rd2 e5 45. Rdb2 Ke6 46. Ke2 Rc5 47. Kd2 Kd5 48. Rb3 Rc4 49. Kd3 Ra4 50. R1b2 Ra1 51. Rb1 Ra4 52. R1b2 Rc4 53. Rb1 Rc5 54. R1b2 Rc1 55. Kd2 Rf1 56. Ke2 Rh1 57. Kd3 Re1 58. Kd2 Ra1 59. Kd3 Rc1 60. Kd2 Rc4 61. Kd3 Rc7 62. Rb1 Rf7 63. Rf1 Rf4 64. h3 h5 65. gxh5 Rh4 66. Rh1 Rxh5 67. Rb2 Rh4 68. Ke2 e4 69. fxe4+ Kxe4 70. Rb3 g4 71. Kf2 Rxh3 72. Rbxh3 gxh3 73. Rxh3 Rxb5 74. Ke2 Rb2+ 75. Kd1 Rg2 76. Ra3 Rf2 77. Ke1 Rh2 78. Kd1 Rg2 79. Ke1 Rc2 80. Rh3 Rc3 81. Rh4+ Kd3 82. Kd1 Kc4 83. Rg4 Re3 84. Kd2 Rd3+ 85. Kc2 Ra3 86. Rg8 Ra2+ 87. Kd1 Kc3 88. Rg3+ d3 89. Ke1 Ra1+ 90. Kf2 Kc2 91. Rg8 Ra3 92. Rg1 d2 93. Ke2 Ra7 0-1

[Event "Madrid San Viator op-A 27th"]
[Site "Madrid"]
[Date "2016.09.25"]
[Round "1"]
[White "Quintero Torres, Pedro"]
[Black "Lizon Martinez, Santiago"]
[Result "1/2-1/2"]
[WhiteElo "1958"]
[BlackElo "1757"]
[PlyCount "108"]
[EventDate "2016.09.25"]
[EventType "swiss"]
[EventRounds "9"]
[EventCountry "ESP"]
[SourceTitle "EXT 2017"]
[Source "ChessBase"]
[SourceDate "2016.10.25"]
[SourceVersion "1"]
[SourceVersionDate "2016.10.25"]
[SourceQuality "1"]

1. e4 c5 2. Nf3 d6 3. Bb5+ Nd7 4. c3 Ngf6 5. d3 e6 6. 0-0 Be7 7. Re1 0-0 8. d4 a6 9. Bd3 b5 10. Nbd2 Bb7 11. Nf1 Re8 12. Ng3 Qc7 13. Bf4 Rad8 14. Qe2 Bf8 15. Bg5 h6 16. Bd2 Qb8 17. a4 Bc6 18. axb5 axb5 19. h3 Qb7 20. Ra5 Ra8 21. Rea1 Rxa5 22. Rxa5 c4 23. Bc2 Ra8 24. Rxa8 Qxa8 25. Qe1 g6 26. Qb1 Bg7 27. Bf4 Qb8 28. b3 e5 29. Be3 exd4 30. Nxd4 Ba8 31. bxc4 bxc4 32. Qa2 Qc8 33. Qa3 d5 34. exd5 Nxd5 35. Bd2 Qe8 36. Qc1 Kh7 37. Qf1 Qc8 38. Qe2 N7f6 39. Ne4 Qb7 40. f3 Qd7 41. Nxf6+ Bxf6 42. Qxc4 Nb6 43. Qd3 Bd5 44. Qe3 Bg7 45. Qe2 Nc4 46. Be1 Qa7 47. Bf2 Qa1+ 48. Qe1 Qb2 49. Be4 Bxe4 50. fxe4 Nd2 51. Be3 Nxe4 52. Kh1 Qxc3 53. Qxc3 Nxc3 54. Nf3 Ne4 1/2-1/2

[Event "Mostoles op 7th"]
[Site "Mostoles "]
[Date "2014.07.24"]
[Round "9"]
[White "Sanchez Naranjo, Jose Manuel"]
[Black "Quintero Torres, Pedro"]
[Result "1/2-1/2"]
[WhiteElo "2133"]
[BlackElo "2014"]
[PlyCount "70"]
[EventDate "2014.07.16"]
[EventType "swiss"]
[EventRounds "9"]
[EventCountry "ESP"]
[SourceTitle "EXT 2015"]
[Source "ChessBase"]
[SourceDate "2014.11.20"]
[SourceVersion "1"]
[SourceVersionDate "2014.11.20"]
[SourceQuality "1"]

1. Nf3 d5 2. g3 Nf6 3. Bg2 g6 4. c4 c6 5. cxd5 cxd5 6. Nc3 Bg7 7. 0-0 0-0 8. d4 e6 9. Bf4 Nh5 10. Bg5 Bf6 11. Be3 Nc6 12. Rc1 Ng7 13. Bh6 Re8 14. e4 dxe4 15. Nxe4 Be7 16. Qd2 Nf5 17. Rfd1 Nd6 18. Ne5 Nxe4 19. Bxe4 Nxe5 20. dxe5 Qxd2 21. Bxd2 Rb8 22. Be3 b6 23. Rc7 Bc5 24. Bxc5 bxc5 25. b3 Rb4 26. Bc6 Rf8 27. Rxa7 Rb6 28. Rc7 Ba6 29. Be4 Rb4 30. f3 c4 31. bxc4 Rxc4 32. Rxc4 Bxc4 33. Rd2 Rb8 34. Rc2 Rb4 35. Kf2 Ra4 1/2-1/2

[Event "Mostoles op 7th"]
[Site "Mostoles "]
[Date "2014.07.23"]
[Round "8"]
[White "Quintero Torres, Pedro"]
[Black "Moreno Ibanez, Miguel"]
[Result "0-1"]
[WhiteElo "2014"]
[BlackElo "2175"]
[PlyCount "90"]
[EventDate "2014.07.16"]
[EventType "swiss"]
[EventRounds "9"]
[EventCountry "ESP"]
[SourceTitle "EXT 2015"]
[Source "ChessBase"]
[SourceDate "2014.11.20"]
[SourceVersion "1"]
[SourceVersionDate "2014.11.20"]
[SourceQuality "1"]

1. d4 Nf6 2. Nf3 g6 3. g3 Bg7 4. Bg2 0-0 5. 0-0 d6 6. c4 c6 7. Nc3 Qa5 8. e4 Bg4 9. h3 Bxf3 10. Bxf3 Nbd7 11. Bf4 e5 12. dxe5 dxe5 13. Be3 Rfd8 14. Qa4 Qc7 15. Rad1 Bf8 16. Bg5 Nc5 17. Qc2 Be7 18. Bxf6 Bxf6 19. Rxd8+ Rxd8 20. Rd1 Ne6 21. Rxd8+ Bxd8 22. Qd3 Qe7 23. Bg4 Nc5 24. Qc2 h5 25. Bf3 Ne6 26. Ne2 Bb6 27. Bg2 h4 28. g4 Qf6 29. Nc1 Kg7 30. Nd3 Bd4 31. b3 Ng5 32. Qe2 b6 33. Qd1 a5 34. Qe2 Qd6 35. Kh2 Ne6 36. Kh1 Qa3 37. Qc2 f6 38. Kg1 Qd6 39. Kh1 Bc5 40. Kh2 Qd4 41. Bf3 Ng5 42. Ne1 Qxf2+ 43. Qxf2 Bxf2 44. Nd3 Nxf3+ 45. Kg2 Ne1+ 0-1

[Event "Madrid-ch sf-A"]
[Site "Madrid"]
[Date "2014.03.18"]
[Round "5"]
[White "Quintero Torres, Pedro"]
[Black "Rosa Ramirez, Victor Diego"]
[Result "1-0"]
[WhiteElo "2004"]
[BlackElo "1989"]
[PlyCount "103"]
[EventDate "2014.03.10"]
[EventType "swiss"]
[EventRounds "9"]
[EventCountry "ESP"]
[SourceTitle "EXT 2015"]
[Source "ChessBase"]
[SourceDate "2014.11.20"]
[SourceVersion "1"]
[SourceVersionDate "2014.11.20"]
[SourceQuality "1"]

1. e4 e6 2. d4 d5 3. Nc3 Bb4 4. Bd3 dxe4 5. Bxe4 Ne7 6. Nf3 Nbc6 7. 0-0 f5 8. Bd3 0-0 9. Ne2 Ng6 10. c3 Bd6 11. Bc2 Nh4 12. Nxh4 Qxh4 13. g3 Qf6 14. b4 Ne7 15. Bb3 b6 16. Nf4 g5 17. Nd3 Bb7 18. f4 g4 19. Ne5 Rad8 20. Qe2 Rfe8 21. Bb2 Nc6 22. Rad1 Bxe5 23. dxe5 Qe7 24. Rxd8 Rxd8 25. Rd1 Kf7 26. Qc2 Rxd1+ 27. Qxd1 Qe8 28. Ba4 Qc8 29. a3 a6 30. c4 Ba8 31. Bc3 Kg6 32. b5 axb5 33. Bxb5 Kh6 34. h3 Ne7 35. Kh2 Qb7 36. Qg1 Qf3 37. Be1 gxh3 38. a4 Bb7 39. Bd7 Qe2+ 40. Qf2 Qxc4 41. g4 Ng6 42. gxf5 exf5 43. Bxf5 Qd5 44. Bxh3 Qh1+ 45. Kg3 Qe4 46. Bg2 Qd3+ 47. Kh2 Bxg2 48. Kxg2 Qe4+ 49. Kg3 Qf5 50. Bd2 Qd3+ 51. Be3 Qd8 52. f5+ 1-0

[Event "Madrid Gredos San Diego op"]
[Site "Madrid"]
[Date "2013.04.26"]
[Round "2"]
[White "Quintero Torres, Pedro"]
[Black "Tevar Sanz, Gonzalo"]
[Result "1-0"]
[WhiteElo "2050"]
[BlackElo "1878"]
[PlyCount "47"]
[EventDate "2013.04.25"]
[EventType "swiss"]
[EventRounds "5"]
[EventCountry "ESP"]
[SourceTitle "EXT 2015"]
[Source "ChessBase"]
[SourceDate "2014.11.20"]
[SourceVersion "1"]
[SourceVersionDate "2014.11.20"]
[SourceQuality "1"]

1. e4 e6 2. d4 d5 3. Nc3 Bb4 4. Nge2 dxe4 5. a3 Bxc3+ 6. Nxc3 Nc6 7. Bb5 Bd7 8. 0-0 a6 9. Be2 f5 10. f3 exf3 11. Bxf3 Qf6 12. Be3 Nge7 13. Qd2 0-0 14. Bg5 Qxd4+ 15. Qxd4 Nxd4 16. Bxe7 Rf7 17. Bc5 Nxf3+ 18. Rxf3 e5 19. Re1 e4 20. Rf2 Bc6 21. g3 h6 22. Rd1 g5 23. Ne2 b6 24. Be3 1-0

[Event "Madrid Oliver Gonzalez Memorial-B 3rd"]
[Site "Madrid"]
[Date "2012.09.08"]
[Round "8"]
[White "Camarero Izquierdo, Juan Carlos"]
[Black "Quintero Torres, Pedro"]
[Result "0-1"]
[WhiteElo "1899"]
[BlackElo "2053"]
[PlyCount "88"]
[EventDate "2012.09.01"]
[EventType "swiss"]
[EventRounds "9"]
[EventCountry "ESP"]
[SourceTitle "CBM 150 Extra"]
[Source "ChessBase"]
[SourceDate "2012.10.19"]
[SourceVersion "1"]
[SourceVersionDate "2012.10.19"]
[SourceQuality "1"]

1. d4 Nf6 2. Nc3 d5 3. Bg5 Nbd7 4. Nf3 g6 5. Qd2 Ne4 6. Nxe4 dxe4 7. Ng1 Nb6 8. f3 Bg7 9. 0-0-0 Qd5 10. Kb1 Nc4 11. Qc1 h6 12. Bf4 Nd6 13. Be5 Bxe5 14. dxe5 Qxe5 15. e3 Be6 16. Ne2 Qa5 17. Nc3 0-0-0 18. Rd4 exf3 19. gxf3 Nf5 20. Ra4 Qb6 21. e4 Nd4 22. f4 Nc6 23. h4 h5 24. Bh3 Bxh3 25. Rxh3 Rd4 26. Nd5 Qb5 27. Nxe7+ Kd7 28. Rxd4+ Nxd4 29. Nd5 Kc8 30. Ra3 Nc6 31. Rb3 Qc4 32. Nf6 Qd4 33. e5 Qf2 34. a3 Rd8 35. Ne4 Qd4 36. Nc3 Qd2 37. Qf1 Nd4 38. Rb4 Qxc2+ 39. Ka2 Qf5 40. Qf2 Nc6 41. Ra4 Qe6+ 42. Ka1 Qb3 43. Re4 Rd1+ 44. Nb1 Qd3 0-1

[Event "Madrid Oliver Gonzalez Memorial-B 3rd"]
[Site "Madrid"]
[Date "2012.09.02"]
[Round "2"]
[White "Quintero Torres, Pedro"]
[Black "Martinez Hernandez, Noemi"]
[Result "1-0"]
[WhiteElo "2053"]
[BlackElo "1893"]
[PlyCount "189"]
[EventDate "2012.09.01"]
[EventType "swiss"]
[EventRounds "9"]
[EventCountry "ESP"]
[SourceTitle "CBM 150 Extra"]
[Source "ChessBase"]
[SourceDate "2012.10.19"]
[SourceVersion "1"]
[SourceVersionDate "2012.10.19"]
[SourceQuality "1"]

1. e4 e6 2. d4 d5 3. Nc3 dxe4 4. Nxe4 Bd7 5. Nf3 Bc6 6. Bd3 Nd7 7. Qe2 Ngf6 8. 0-0 Nxe4 9. Bxe4 Bxe4 10. Qxe4 c6 11. c4 Nf6 12. Qd3 Be7 13. Bg5 0-0 14. Rfd1 Qd6 15. Bh4 Qf4 16. Bg3 Qe4 17. Qb3 b6 18. Re1 Qg4 19. h3 Qh5 20. Ne5 c5 21. Nc6 Rfe8 22. Nxe7+ Rxe7 23. Re5 Qg6 24. dxc5 Nd7 25. cxb6 Nxe5 26. b7 Rb8 27. Bxe5 Rbxb7 28. Qc3 f6 29. Bd6 Re8 30. c5 Qe4 31. Re1 Qc6 32. Re3 Rd7 33. Rg3 Kf7 34. Qd3 Kg8 35. Qd4 e5 36. Qc4+ Rf7 37. b4 a6 38. Ra3 Ra8 39. Rf3 Raa7 40. Qb3 Rad7 41. a4 Rxd6 42. cxd6 Qxd6 43. Rd3 Qc7 44. Rc3 Qd7 45. b5 axb5 46. axb5 g6 47. b6 Kg7 48. Rc7 Qxc7 49. bxc7 Rxc7 50. Qb6 Ra7 51. Qd6 Kf7 52. Qd5+ Kf8 53. Qd8+ Kf7 54. Qh8 Ke6 55. Qg8+ Rf7 56. Kf1 f5 57. g3 Kf6 58. Qh8+ Ke6 59. Ke2 Rd7 60. Ke3 Re7 61. f3 Rd7 62. h4 Rf7 63. Kd3 Rd7+ 64. Ke3 Rf7 65. Kf2 Rd7 66. Qc8 Ke7 67. Kg2 Kd6 68. Kh3 Re7 69. Qa6+ Kd7 70. Qb5+ Ke6 71. h5 Kf6 72. Qb6+ Re6 73. Qd8+ Re7 74. h6 Kf7 75. Qh8 Ke6 76. Kh4 Rf7 77. Kg5 Re7 78. Qf6+ Kd7 79. Qb6 Rf7 80. Qb8 Ke6 81. Qe8+ Re7 82. Qc6+ Kf7 83. Qf6+ Ke8 84. Qh8+ Kd7 85. Qg8 e4 86. Qd5+ Kc7 87. Kf6 Re8 88. Kf7 Rd8 89. Qc4+ Kd6 90. fxe4 Rd7+ 91. Kf6 fxe4 92. Qxe4 Kc7 93. Qe5+ Kc6 94. g4 Rc7 95. Qxc7+ 1-0

[Event "Madrid-ch sf-A"]
[Site "Madrid"]
[Date "2012.04.17"]
[Round "5"]
[White "Ciuro Munoz, Ricardo"]
[Black "Quintero Torres, Pedro"]
[Result "1-0"]
[WhiteElo "2110"]
[BlackElo "2022"]
[PlyCount "67"]
[EventDate "2012.04.10"]
[EventType "swiss"]
[EventRounds "9"]
[EventCountry "ESP"]
[SourceTitle "CBM 148 Extra"]
[Source "ChessBase"]
[SourceDate "2012.06.22"]
[SourceVersion "1"]
[SourceVersionDate "2012.06.22"]
[SourceQuality "1"]

1. e4 c5 2. Nf3 e6 3. d3 Nc6 4. g3 d5 5. Nbd2 Nf6 6. Bg2 Be7 7. 0-0 0-0 8. e5 Nd7 9. Re1 Qc7 10. Qe2 b5 11. Nf1 Bb7 12. Bf4 Rfc8 13. c3 d4 14. N1d2 Nf8 15. g4 dxc3 16. bxc3 f6 17. Bg3 fxe5 18. Rab1 Qd7 19. Bxe5 Rd8 20. d4 cxd4 21. cxd4 a6 22. Nb3 Rac8 23. Nc5 Bxc5 24. dxc5 Qd3 25. Qxd3 Rxd3 26. Bd6 Ra3 27. Rb2 Na5 28. c6 Ra4 29. cxb7 Nxb7 30. Bxf8 Kxf8 31. h3 Nc5 32. Rd2 Ne4 33. Rd4 Rcc4 34. Rexe4 1-0

[Event "Madrid Villaverde op 14th"]
[Site "Madrid"]
[Date "2011.04.05"]
[Round "2"]
[White "Pastor Alonso de Prado, Emilio Alberto"]
[Black "Quintero Torres, Pedro"]
[Result "1-0"]
[WhiteElo "2193"]
[BlackElo "1979"]
[PlyCount "129"]
[EventDate "2011.04.04"]
[EventType "swiss"]
[EventRounds "8"]
[EventCountry "ESP"]
[SourceTitle "EXT 2012"]
[Source "ChessBase"]
[SourceDate "2011.11.24"]
[SourceVersion "1"]
[SourceVersionDate "2011.11.24"]
[SourceQuality "1"]

1. e4 c5 2. Nf3 e6 3. d4 cxd4 4. Nxd4 Nc6 5. Nxc6 bxc6 6. Bd3 d5 7. 0-0 Nf6 8. Nd2 Be7 9. c4 0-0 10. Qc2 e5 11. cxd5 cxd5 12. exd5 Bb7 13. Bc4 Bxd5 14. b3 Rc8 15. Qf5 Bb4 16. Bxd5 Qxd5 17. Nc4 e4 18. Qf4 Nh5 19. Qh4 Bc3 20. Rb1 Nf6 21. Be3 Rc7 22. Rfd1 Qh5 23. Qxh5 Nxh5 24. Nd6 Bb4 25. Nxe4 Rc2 26. a4 a5 27. Nd6 Nf6 28. Nc4 Ng4 29. Bb6 h5 30. Rbc1 Rxc1 31. Rxc1 Rc8 32. Rd1 Re8 33. Rd8 Rxd8 34. Bxd8 Bc5 35. Bb6 Bxb6 36. Nxb6 Ne5 37. Nc4 Nc6 38. Kf1 Kf8 39. Ke2 Ke7 40. Kd3 Ke6 41. Ne3 g6 42. f4 f6 43. Kc4 g5 44. fxg5 fxg5 45. Kc5 Kd7 46. Nd5 h4 47. h3 Ne5 48. Nb6+ Kc7 49. Nc4 Nd3+ 50. Kd4 Ne1 51. Ne3 Kb6 52. Kc3 Kc5 53. Kd2 Kd4 54. Nf5+ Ke4 55. Nxh4 gxh4 56. Kxe1 Ke3 57. Kf1 Kd3 58. g3 hxg3 59. Kg2 Kc3 60. h4 Kxb3 61. h5 Kxa4 62. h6 Kb3 63. h7 a4 64. h8Q a3 65. Qa1 1-0

[Event "Madrid Villaverde op 14th"]
[Site "Madrid"]
[Date "2011.04.04"]
[Round "1"]
[White "Quintero Torres, Pedro"]
[Black "Veiga Rodriguez, Pablo"]
[Result "1-0"]
[WhiteElo "1979"]
[BlackElo "1517"]
[PlyCount "55"]
[EventDate "2011.04.04"]
[EventType "swiss"]
[EventRounds "8"]
[EventCountry "ESP"]
[SourceTitle "EXT 2012"]
[Source "ChessBase"]
[SourceDate "2011.11.24"]
[SourceVersion "1"]
[SourceVersionDate "2011.11.24"]
[SourceQuality "1"]

1. e4 c5 2. Nf3 g6 3. Bc4 Bg7 4. 0-0 d6 5. c3 Be6 6. Bxe6 fxe6 7. Qb3 Qd7 8. Ng5 d5 9. exd5 exd5 10. Re1 e5 11. d4 c4 12. Qc2 e4 13. b3 h6 14. Nh3 cxb3 15. axb3 b5 16. c4 Bxd4 17. Bb2 Qg7 18. Bxd4 Qxd4 19. Nc3 bxc4 20. bxc4 Qxc4 21. Nf4 Nf6 22. Nfxd5 0-0 23. Nxf6+ Rxf6 24. Rxe4 Qc8 25. Qb3+ Kh8 26. Nd5 Ra6 27. Qb2+ Kg8 28. Ne7+ 1-0

[Event "Madrid-ch sf-A"]
[Site "Madrid"]
[Date "2011.02.01"]
[Round "8"]
[White "Ruiz Quevedo, Andres"]
[Black "Quintero Torres, Pedro"]
[Result "0-1"]
[WhiteElo "1950"]
[BlackElo "1968"]
[PlyCount "56"]
[EventDate "2011.01.17"]
[EventType "swiss"]
[EventRounds "9"]
[EventCountry "ESP"]
[SourceTitle "CBM 140 Extra"]
[Source "ChessBase"]
[SourceDate "2011.03.01"]
[SourceVersion "1"]
[SourceVersionDate "2011.03.01"]
[SourceQuality "1"]

1. c4 e5 2. g3 Nf6 3. Bg2 Nc6 4. Nf3 Bc5 5. 0-0 d6 6. Nc3 0-0 7. a3 a5 8. d3 h6 9. Rb1 Be6 10. Na4 Qd7 11. Bd2 Bh3 12. b4 Bxg2 13. Kxg2 axb4 14. Nxc5 dxc5 15. axb4 cxb4 16. Bxb4 Nxb4 17. Rxb4 Qc6 18. Kg1 Rfe8 19. Rb5 e4 20. Ne5 Qd6 21. d4 b6 22. e3 c5 23. Qb3 cxd4 24. exd4 Qxd4 25. Rd1 Ra1 26. Rxa1 Qxa1+ 27. Kg2 Rxe5 28. Rxb6 Qd4 0-1